书目信息 |
| 题名: |
使平衡计分卡发挥效用
|
|
| 作者: | 奥尔韦 著 ;裴正兵 译 | |
| 分册: | ||
| 出版信息: | 北京 中国人民大学出版社 2004 |
|
| 页数: | 351页 | |
| 开本: | 23cm | |
| 丛书名: | 管理者前沿阅读 | |
| 单 册: | ||
| 中图分类: | F272 , F270 | |
| 科图分类: | ||
| 主题词: | 企业管理 , 企业管理--经济发展战略 | |
| 电子资源: | ||
| ISBN: | 7-300-05989-9 | |
| 000 | 01375nam0 2200337 450 | |
| 000 | 01388nam0 2200325 450 | |
| 000 | 01320nam0 2200301 450 | |
| 000 | 01284oam2 2200289 45 | |
| 005 | 20070725142741.34 | |
| 010 | @a7-300-05989-9@dCNY28.00 | |
| 100 | @a20070719d2004 em y0chiy0120 ea | |
| 101 | 1 | @achi@ceng |
| 102 | @aCN@b110000 | |
| 105 | @ay z 000yy | |
| 200 | 1 | @a使平衡计分卡发挥效用@AShi Ping Heng Ji Fen Ka Fa Hui Xiao Yong@e平衡战略与控制@EPing Heng Zhan Lue Yu Kong Zhi@f[瑞典]尼尔斯—约兰·奥尔韦(Nils-Goran Olve)等著@F[ Rui Dian ] Ni Er Si— Yue Lan· Ao Er Wei (Nils-Goran Olve) Deng Zhu@g裴正兵译 |
| 210 | @a北京@c中国人民大学出版社@d2004 | |
| 215 | @a351页@d23cm | |
| 225 | 2 | @a管理者前沿阅读 |
| 304 | @a作者国籍取自封底折页的作者简介 | |
| 330 | @a本书讨论了公司在应用平衡计分卡过程中将面临的重大挑战和关键性的设计问题,结合案例探讨应用过程中的战略图设计、沟通与对话等关键问题。 | |
| 410 | 0 | @12001 @a管理者前沿阅读 |
| 510 | 1 | @aMaking Scorecards Actionable Balancing : Strategy and Control@zeng |
| 517 | 1 | @a平衡战略与控制@APing Heng Zhan Lue Yu Kong Zhi |
| 606 | 0 | @a企业管理 |
| 606 | 0 | @a企业管理@x经济发展战略 |
| 690 | @aF272 @v4 | |
| 690 | @aF270@v3 | |
| 701 | 1 | @c(瑞典)@a奥尔韦@AAo Er Wei@g(Olve, Nils-Goran)@4著 |
| 702 | 0 | @a裴正兵@APei Zheng Bing@4译 |
| 801 | 0 | @aCN@bTAOJIN@c20070725 |
| 905 | @a10447@dF270@e596 | |
| 使平衡计分卡发挥效用:平衡战略与控制/[瑞典]尼尔斯—约兰·奥尔韦(Nils-Goran Olve)等著/裴正兵译.-北京:中国人民大学出版社,2004 |
| 351页;23cm.-(管理者前沿阅读) |
| ISBN 7-300-05989-9:CNY28.00 |
| 本书讨论了公司在应用平衡计分卡过程中将面临的重大挑战和关键性的设计问题,结合案例探讨应用过程中的战略图设计、沟通与对话等关键问题。 |
| ● |
| 相关链接 |
|
|
|
|
正题名:使平衡计分卡发挥效用
索取号:F270/596
 
预约/预借
| 序号 | 登录号 | 条形码 | 馆藏地/架位号 | 状态 | 备注 |
| 1 | 0825533 | 208255332 | 第一样本阅览室/ [索取号:F270/596] | 在馆 | |
| 2 | 0825534 | 208255341 | 密集书库/ [索取号:F270/596] | 在馆 | |
| 3 | 0825535 | 208255350 | 密集书库/ [索取号:F270/596] | 在馆 | |
| 4 | 0825536 | 208255369 | 密集书库/ [索取号:F270/596] | 在馆 | |
| 5 | 0825537 | 208255378 | 第一借阅区/ [索取号:F270/596] | 在馆 | |
| 6 | 0825538 | 208255387 | 第一借阅区/ [索取号:F270/596] | 在馆 | |
| 7 | 0825539 | 208255396 | 第一借阅区/ [索取号:F270/596] | 在馆 | |
| 8 | 0825540 | 208255403 | 第一借阅区/ [索取号:F270/596] | 在馆 |